Carly Rae Jepsen Charting Songs (Billboard Hot 100) - Statistics

General Stats
  • This quiz has been taken 72 times
  • The average score is 4 of 6
Answer Stats
Album Weeks On Peak Artist(s) Song % Correct
Curiosity and Kiss 50 Weeks #1 (9 Weeks) Carly Rae Jepsen Call Me Maybe
100%
The Midsummer Station and Kiss 24 Weeks #8 Owl City & Carly Rae Jepsen Good Time
84%
Emotion 20 Weeks #39 Carly Rae Jepsen I Really Like You
84%
Kiss 1 Week #86 Carly Rae Jepsen This Kiss
49%
Kiss 1 Week #90 Carly Rae Jepsen ft. Nicki Minaj Tonight I'm Getting Over You
37%
Kiss 1 Week #87 Carly Rae Jepsen ft. Justin Bieber Beautiful
30%
No matching quizzes found
Score Distribution
Percent of People with Each Score
Percentile by Number Answered
Your Score History
You have not taken this quiz